00632nam a2200217 a 4500001001300000003000900013005001700022008004100039020000800080082001500088100002000103245006400123260003300187300001000220500003500230505001000265902000800275942000700283952011100290999001300401nice12345678IN_TiNIC20260116011305.0050524s1933 beia grp 000 0 eng  ac000a297.4bSCH aScherer, George aO Youth Being a Translation of Al-Ghazali`s Ayyuha`l-Walad. aBeirutbAmerican Pressc1933 a109p. aincludes index and biblioraphy2 aIndex bSRS cBK 001040708StackRoom-aHMIbHMId2005-05-24g0.00l0o297.4 SCHp01593r2005-05-24v0.00w2005-05-24yBK c221d221